Goddess girls (Record no. 8791)

MARC details
000 -LEADER
fixed length control field 00740nam a22002177a 4500
003 - CONTROL NUMBER IDENTIFIER
control field OSt
005 - DATE AND TIME OF LATEST TRANSACTION
control field 20260310004148.0
008 - FIXED-LENGTH DATA ELEMENTS--GENERAL INFORMATION
fixed length control field 260310b |||||||| |||| 00| 0 eng d
020 ## - INTERNATIONAL STANDARD BOOK NUMBER
International Standard Book Number 978-1-4424-2097-7
040 ## - CATALOGING SOURCE
Original cataloging agency DWCL GS lib
Transcribing agency OC
082 ## - DEWEY DECIMAL CLASSIFICATION NUMBER
Edition number H722g 2011
100 ## - MAIN ENTRY--PERSONAL NAME
Personal name HOLUB, JOAN
245 ## - TITLE STATEMENT
Title Goddess girls
Remainder of title Athena the wise
Statement of responsibility, etc. Joan Holub
260 ## - PUBLICATION, DISTRIBUTION, ETC.
Place of publication, distribution, etc. New York
Name of publisher, distributor, etc. Simon & Schuster
Date of publication, distribution, etc. 2011.
300 ## - PHYSICAL DESCRIPTION
Extent vii, 246 pages:
Other physical details illustrations
Dimensions 19 cm.
520 ## - SUMMARY, ETC.
Summary, etc. Athena is tasked by her father, Zeus, to secretly mentor the new mortal student, Heracles (Hercules), at Mount Olympus Academy.
546 ## - LANGUAGE NOTE
Language note English
650 ## - SUBJECT ADDED ENTRY--TOPICAL TERM
Source of heading or term Goddesses, Greek, Helping behavior
650 ## - SUBJECT ADDED ENTRY--TOPICAL TERM
Source of heading or term Mythology, Greek, Schools
942 ## - ADDED ENTRY ELEMENTS (KOHA)
Source of classification or shelving scheme Dewey Decimal Classification
Koha item type Fiction
Classification part Fic.
Suppress in OPAC No

No items available.